00566nam a2200193Ia 450000500170000000800410001704000190005804100120007708200170008910000290010624500450013525000460018026000360022630000120026250400500027465000220032470000160034685000100036220231108101126.0131103s9999 xx 000 0 und d aLoreto College aEnglish a792.024bGRA aGraham - Camphell,Alison aDrama For WomencAlison Graham-Campbell  aand Frank Lambe; foreword by Flora Robson aLondonbG.Bell and Sonscc 1960 a160 p.  aIncludes bibliographical references and index aTheater for Women aLambe,Frank aLCLIB